000 00508nab a22001457 4500
003 ES-SlBCS
005 20211206161012.0
008 141104s2014 sp ||||| |||| 00| 0 spa d
040 _aES-SlBCS
_bspa
041 _aspa
100 1 _aMendoza Álvarez, Carlos
_92977
245 1 0 _aEscatología y Apocalipsis en tiempos posmodernos. Una mirada desde las víctimas y los justos de la historia
_cCarlos Mendoza-Álvarez
773 0 _gNúm. 356, 2014, págs. 75-86
_tConcilium
_wRev134
_x0210-1041
942 _2lcc
_cAR
999 _c457163
_d457163